| 000 | 00952nam a2200217 a 4500 | ||
|---|---|---|---|
| 001 | 000011476 | ||
| 005 | 20200929162451.0 | ||
| 008 | 091019s2006 dr 000 0 spa d | ||
| 040 |
_aDO-SdBNP _bspa _cBNPHU |
||
| 082 |
_a344.7293 _bH558f |
||
| 100 | 1 |
_aHernández-Machado Santana, Erick José _927172 |
|
| 245 | 1 | 0 |
_aFundamentos judiciales de derecho procesal de trabajo. / _cErick José Hernández- Machado Santana. |
| 260 |
_aSanto Domingo : _bFundación Derecho Constitucional y Comunitario, Universidad Católica Santo Domingo (UCSD), _c2006. |
||
| 300 |
_a488 p. ; _c24 cm. |
||
| 500 | _aIncluye datos biográficos del autor en las solapas en las solapas de las cubiertas | ||
| 500 | _aIncluye notas al pie de las páginas | ||
| 504 | _aIncluye referencias bibliográficas (p. 477-481) | ||
| 650 | 4 |
_aDerecho laboral _zRepública Dominicana _97337 |
|
| 650 | 4 |
_aLegislación laboral _zRepública Dominicana _911733 |
|
| 999 |
_a1 _n0000171 _c11177 _d11177 |
||
| 049 | _aBNPD | ||